Manual of Sports Surgery : Kerlan-Jobe Orthopaedic Clinic /

Bibliographic Details
Main Author: Shields, Clarence L.
Corporate Author: SpringerLink (Online service)
Format: eBook
Language:English
Published: New York, NY : Springer New York, 1987.
Series:Comprehensive manuals of surgical specialties.
Subjects:
Online Access:Connect to the full text of this electronic book

MARC

Tag First Indicator Second Indicator Subfields
LEADER 00000cam a2200000Mi 4500
001 in00003580439
006 m o d
007 cr nn|008mamaa
008 121227s1987 xxu o 000 0 eng
005 20260421175718.1
020 |a 9781461246664 (electronic bk.) 
020 |a 1461246660 (electronic bk.) 
020 |z 1461246660 
024 7 |a 10.1007/978-1-4612-4666-4  |2 doi 
035 |a (OCoLC)858879666 
040 |a Nz  |b eng  |c UV0  |d OCLCO  |d GW5XE  |d OCLCF  |d UtOrBLW 
049 |a TXAM 
050 4 |a RD1-811 
072 7 |a MN  |2 bicssc 
072 7 |a MED085000  |2 bisacsh 
082 0 4 |a 617  |2 23 
100 1 |a Shields, Clarence L. 
245 1 0 |a Manual of Sports Surgery :  |b Kerlan-Jobe Orthopaedic Clinic /  |c edited by Clarence L. Shields. 
264 1 |a New York, NY :  |b Springer New York,  |c 1987. 
300 |a 1 online resource. 
336 |a text  |b txt  |2 rdacontent 
337 |a computer  |b c  |2 rdamedia 
338 |a online resource  |b cr  |2 rdacarrier 
490 1 |a Comprehensive Manuals of Surgical Specialties,  |x 0172-4827 
500 |a Electronic resource. 
650 0 |a Medicine. 
650 0 |a Orthopedic surgery. 
650 0 |a Sports medicine. 
650 0 |a Surgery. 
650 7 |a Medicine.  |2 fast  |0 (OCoLC)fst01014893 
650 7 |a Orthopedic surgery.  |2 fast  |0 (OCoLC)fst01048559 
650 7 |a Sports medicine.  |2 fast  |0 (OCoLC)fst01130709 
650 7 |a Surgery.  |2 fast  |0 (OCoLC)fst01139351 
655 7 |a Electronic books.  |2 local 
710 2 |a SpringerLink (Online service) 
776 1 8 |i Print version:  |z 9781461291060 
830 0 |a Comprehensive manuals of surgical specialties.  |x 0172-4827 
856 4 0 |u http://proxy.library.tamu.edu/login?url=https://link.springer.com/10.1007/978-1-4612-4666-4  |z Connect to the full text of this electronic book  |t 0 
994 |a 92  |b TXA 
999 |a MARS 
999 f f |s fc99aad5-b8d2-3eaa-8186-5c14a9102b6c  |i 1191aee7-5495-35bd-a96c-8d55ce54d213  |t 0 
952 f f |a Texas A&M University  |b College Station  |c Electronic Resources  |s www_evans  |d Available Online  |t 0  |e RD1-811  |h Library of Congress classification 
998 f f |a RD1-811  |t 0  |l Available Online